Anthropology and autobiography

Αποθηκεύτηκε σε:
Λεπτομέρειες βιβλιογραφικής εγγραφής
Άλλοι συγγραφείς: Okely, Judith 1941- (edtf), Callaway, Helen (edtf)
Μορφή: Βιβλίο
Γλώσσα:English
Δημοσίευση: London; New York : Routledge, 1992.
Σειρά:A.S.A. monographs
Θέματα:
Ετικέτες: Προσθήκη ετικέτας
Δεν υπάρχουν, Καταχωρήστε ετικέτα πρώτοι!

MARC

LEADER 00000nam a2200000 i 4500
001 1/61202
008 930909s1992####enk 00| | eng||
020 |a 0-415-05189-4 
035 |a ΛΕΣΒΟΣb10000816  |l 10000816 
040 |a GR-MY-UA  |b gre  |e aacr 
041 0 |a eng 
082 0 |a 306  
245 1 0 |a Anthropology and autobiography /   |c edited by Judith Okely; Helen Callaway. 
260 |a London; New York :   |b Routledge,   |c 1992.  
300 |a 252 p. 
490 1 |a (Association of Social Anthropologists monographs series ;   |v 29) 
504 |a Includes index and bibliographical references. 
650 0 0 |a Ethnology  |x Biographical methods. 
650 0 0 |a Autobiography. 
650 0 0 |a Ethnology  |x Authorship. 
650 0 0 |a Ethnology  |x Fieldwork. 
700 1 |a Okely, Judith  |d 1941-  |e edtf 
700 1 |a Callaway, Helen,  |e edtf 
830 0 |a A.S.A. monographs 
852 |a INST  |b LESVOS  |c BK  |e 19930909  |h 306 ANT  |p 005100006974  |q 005100006974  |t BK  |y 0 
909 |a Λ  |b 025407